|
|
|
|
| LEADER |
00000nta a2200000 i 4500 |
| 001 |
dolg50122 |
| 005 |
20231017120334.0 |
| 008 |
231017suuuu hu om 000 hun d |
| 040 |
|
|
|a BGE Dolgozattár Repozitórium
|b hun
|
| 041 |
|
|
|a hu
|
| 100 |
1 |
|
|a Ongrády Nóra
|
| 245 |
1 |
3 |
|a Az ügyészség gazdálkodásának bemutatása a Komárom-Esztergom Megyei Főügyészségen keresztül
|c Ongrády Nóra
|h [elektronikus dokumentum]
|
| 695 |
|
|
|a költségvetési beszámoló
|
| 695 |
|
|
|a költségvetési szerv
|
| 695 |
|
|
|a költségvetési beszámoló
|
| 695 |
|
|
|a költségvetési szerv
|
| 856 |
4 |
0 |
|u http://dolgozattar.uni-bge.hu/50122/1/00005006.pdf
|z Dokumentum-elérés
|